<?xml version="1.0" encoding="UTF-8"?>
<record
    xmlns:xsi="http://www.w3.org/2001/XMLSchema-instance"
    xsi:schemaLocation="http://www.loc.gov/MARC21/slim http://www.loc.gov/standards/marcxml/schema/MARC21slim.xsd"
    xmlns="http://www.loc.gov/MARC21/slim">

  <leader>02625nam a22002297a 4500</leader>
  <controlfield tag="003">IT-MiCISF</controlfield>
  <controlfield tag="005">20251216165827.0</controlfield>
  <controlfield tag="008">251216b        |||||||| |||| 00| 0 eng d</controlfield>
  <datafield tag="020" ind1=" " ind2=" ">
    <subfield code="a">9788817183772</subfield>
  </datafield>
  <datafield tag="040" ind1=" " ind2=" ">
    <subfield code="c">IT-MiCISF</subfield>
  </datafield>
  <datafield tag="100" ind1=" " ind2=" ">
    <subfield code="a">Vigini Marco (et al.)</subfield>
    <subfield code="9">62963</subfield>
  </datafield>
  <datafield tag="245" ind1=" " ind2=" ">
    <subfield code="a">Il potere delle relazioni. </subfield>
    <subfield code="b">Il networking come competenza di vita per il successo e il benessere</subfield>
  </datafield>
  <datafield tag="260" ind1=" " ind2=" ">
    <subfield code="a">Milano, </subfield>
    <subfield code="b">Rizzoli-Mondadori, </subfield>
    <subfield code="c">2024</subfield>
  </datafield>
  <datafield tag="300" ind1=" " ind2=" ">
    <subfield code="a">pp. 318</subfield>
  </datafield>
  <datafield tag="500" ind1=" " ind2=" ">
    <subfield code="a">persona, rapporti-interpersonali, lavoro, teoria, nuovi-media, esperienze</subfield>
  </datafield>
  <datafield tag="501" ind1=" " ind2=" ">
    <subfield code="a">Prefazione di Matilde Marandola e Giuseppe Biazzo</subfield>
  </datafield>
  <datafield tag="520" ind1=" " ind2=" ">
    <subfield code="a">La nostra rete di relazioni &#xE8; da sempre lo strumento pi&#xF9; efficace per individuare nuove opportunit&#xE0; personali e professionali, ma oggi lo &#xE8; sempre di pi&#xF9; anche per il nostro successo e benessere. Con un click ci si pu&#xF2; teoricamente collegare con chiunque nel mondo e rimanere connessi tutta la vita: se i biglietti da visita invecchiano, le relazioni online e di persona sono sempre attive e piene di evoluzioni. Per questo, spiega Marco Vigini, esperto di risorse umane e networking, occorre cominciare da giovani a coltivare il nostro &#x201C;giardino&#x201D; di rapporti diretti e indiretti e continuare a farlo per tutta la vita. Una competenza complessa da apprendere e da rendere fruttuosa, nel lavoro come nell&#x2019;esperienza quotidiana, che l&#x2019;autore conduce passo passo a sviluppare con profondit&#xE0; e metodo. Dalla straordinaria piazza conversazionale di LinkedIn ai temi della comunit&#xE0; e dell&#x2019;appartenenza, dalla scuola all&#x2019;universit&#xE0; fino al valore della gentilezza, della gratitudine e della spiritualit&#xE0;, dallo storytelling al branding per arrivare all&#x2019;innovativo colloquio di networking, il libro accompagna il lettore nella costruzione quotidiana della propria &#x201C;trib&#xF9;&#x201D; fiduciaria, condizione di benessere, sostegno e piena realizzazione di s&#xE9;. Con consigli pratici, esercitazioni e le preziose testimonianze delle pi&#xF9; importanti universit&#xE0; e Business School italiane e di professionisti di successo che, con le loro storie ed esperienze, arricchiscono, ispirano e &#x201C;contaminano&#x201D; questo affascinante viaggio. Perch&#xE9; l&#x2019;attenzione e la creazione di valore per noi stessi e per gli altri &#xE8; una strategia a prova di futuro.</subfield>
  </datafield>
  <datafield tag="650" ind1=" " ind2=" ">
    <subfield code="a">Persona</subfield>
  </datafield>
  <datafield tag="654" ind1=" " ind2=" ">
    <subfield code="a">saggio</subfield>
  </datafield>
  <datafield tag="700" ind1=" " ind2=" ">
    <subfield code="a">Brambilla R., D'Angelo C., Gozzoli C., Frattini F., Kotlar J., Baglieri E., </subfield>
    <subfield code="a">Caselli S., Origlia M.C., Cum P., Susca G., Asquini M., Bianchi L., </subfield>
    <subfield code="a">Zanella S., Zanolli S., Mochi S., Danna M., Colombo G., Caratti S., </subfield>
    <subfield code="a">Cresta M., Centenaro L., Fontana A.</subfield>
    <subfield code="9">62964</subfield>
  </datafield>
  <datafield tag="942" ind1=" " ind2=" ">
    <subfield code="2">ddc</subfield>
    <subfield code="c">BK</subfield>
  </datafield>
  <datafield tag="999" ind1=" " ind2=" ">
    <subfield code="c">360691</subfield>
    <subfield code="d">360691</subfield>
  </datafield>
  <datafield tag="952" ind1=" " ind2=" ">
    <subfield code="0">0</subfield>
    <subfield code="1">0</subfield>
    <subfield code="2">ddc</subfield>
    <subfield code="4">0</subfield>
    <subfield code="6">B_7911_000000000000000</subfield>
    <subfield code="7">1</subfield>
    <subfield code="a">CISF</subfield>
    <subfield code="b">CISF</subfield>
    <subfield code="d">2025-12-16</subfield>
    <subfield code="l">0</subfield>
    <subfield code="o">B7911</subfield>
    <subfield code="p">9788817183772</subfield>
    <subfield code="r">2025-12-16 16:57:42</subfield>
    <subfield code="w">2025-12-16</subfield>
    <subfield code="y">BK</subfield>
  </datafield>
</record>
